00486nam a2200133 i 4500001000700000003000900007005001700016008004100033110002900074245012100103260004800224300003100272852004900303171990ES-MaACL20230929062538.0090610s1863 sp |||| | spa d2 aReal Academia Española10aMemoria relativa al monumento mural dedicado a Frey Lope Félix de Vega Carpio / cpor la Real Academia Española. aMadrid : b[s.n.], c1863 (fImp. Nacional) a61 p., 1 lám. ; c25 cm. aES-MaACLjK-142(1) z- Enc. pasta española